| 000 | 00695nam a2200229 a 4500 | ||
|---|---|---|---|
| 999 |
_c12207 _d12207 |
||
| 003 | BD-JhCC | ||
| 005 | 20220804134024.0 | ||
| 008 | 210323s20142019bg |||| |||| 000 0 eng d | ||
| 020 | _a9879843337122 | ||
| 035 | _a(BD-JhCC) | ||
| 040 |
_aBD-JhCC _dBD-JhCC |
||
| 041 | _aeng | ||
| 082 |
_a530.1 _bTAP 2019 |
||
| 100 | _aTapan, Shahjahan | ||
| 245 |
_aPhysics : _beleven twelve classes First paper / _cShahjahan Tapan, Muhammad Aziz Hassan and Rana Chowdhury |
||
| 260 |
_aDhaka : _bHassan Book House, _c2019. |
||
| 300 |
_aXII, 664 p. : _bill. ; _c22 cm. |
||
| 650 | _aPhysic - study and teaching | ||
| 700 | _aHassan, Muhammad Aziz | ||
| 700 | _aChowdhury, Rana | ||
| 942 |
_2ddc _cBK _02 |
||